|
|
|
|
| LEADER |
03609nam a2200829 i 4500 |
| 001 |
nkc20172956004 |
| 003 |
CZ PrNK |
| 005 |
20180313091048.0 |
| 007 |
ta |
| 008 |
171120s2017 xr agh f i 001 1 cze |
| 015 |
|
|
|a cnb002956004
|
| 020 |
|
|
|a 978-80-7051-237-1
|q (brožováno)
|
| 035 |
|
|
|a (OCoLC)1028190255
|
| 040 |
|
|
|a ABA001
|b cze
|d BOA001
|e rda
|
| 041 |
0 |
|
|a cze
|b cze
|b eng
|b ger
|
| 043 |
|
|
|a e-xr---
|b e-xr-jm
|2 czenas
|
| 045 |
|
|
|a v7v7
|
| 072 |
|
7 |
|a 783
|x Církevní hudba. Duchovní hudba. Náboženská hudba
|2 Konspekt
|9 9
|
| 072 |
|
7 |
|a 09
|x Rukopisy, prvotisky, staré tisky. Vzácná a pozoruhodná díla
|2 Konspekt
|9 12
|
| 080 |
|
|
|a 091(=162.3)
|2 MRF
|
| 080 |
|
|
|a 091.31
|2 MRF
|
| 080 |
|
|
|a 091"15/17"
|2 MRF
|
| 080 |
|
|
|a 783.6
|2 MRF
|
| 080 |
|
|
|a 930.85:08/09
|2 MRF
|
| 080 |
|
|
|a 655+686.1
|2 MRF
|
| 080 |
|
|
|a 2-6+316.72/.75
|2 MRF
|
| 080 |
|
|
|a (437.322)
|2 MRF
|
| 080 |
|
|
|a (048.8)
|2 MRF
|
| 080 |
|
|
|a (0:82-192)
|2 MRF
|
| 080 |
|
|
|a (083.8)
|2 MRF
|
| 100 |
1 |
|
|a Raška, Pavel,
|d 1706-1776
|7 jo2017972227
|4 aut
|
| 245 |
1 |
0 |
|a Kancionál založený ke cti a chvále Pánu Bohu všemohoutcímu (1774) /
|c Pavel Raška ; k vydání připravila Kateřina Smyčková
|
| 246 |
3 |
|
|a Kancionál založený ke cti a chvále Pánu Bohu všemohoucímu
|
| 250 |
|
|
|a 1. vydání
|
| 264 |
|
1 |
|a V Brně :
|b Moravská zemská knihovna,
|c 2017
|
| 300 |
|
|
|a 513 stran :
|b ilustrace (převážně barevné), noty, faksimile ;
|c 24 cm
|
| 336 |
|
|
|a text
|b txt
|2 rdacontent
|
| 337 |
|
|
|a bez média
|b n
|2 rdamedia
|
| 338 |
|
|
|a svazek
|b nc
|2 rdacarrier
|
| 500 |
|
|
|a Terminologický slovník
|
| 504 |
|
|
|a Obsahuje bibliografie, bibliografické odkazy a rejstříky
|
| 546 |
|
|
|a České, anglické a německé resumé
|
| 600 |
1 |
7 |
|a Raška, Pavel,
|d 1706-1776.
|t Kancionál založený ke cti a chvále Pánu Bohu všemohoutcímu
|7 aun2017972251
|2 czenas
|
| 648 |
|
4 |
|a 1774
|
| 648 |
|
7 |
|a 18. století
|7 ch460556
|2 czenas
|
| 650 |
0 |
7 |
|a české rukopisy
|7 ph128150
|y 18. století
|2 czenas
|
| 650 |
0 |
7 |
|a iluminované rukopisy
|7 ph114754
|z Česko
|y 18. století
|2 czenas
|
| 650 |
0 |
7 |
|a barokní rukopisy
|7 ph645112
|z Česko
|2 czenas
|
| 650 |
0 |
7 |
|a kancionály
|7 ph224378
|z Česko
|y 18. století
|2 czenas
|
| 650 |
0 |
7 |
|a knižní kultura
|7 ph114932
|z Česko
|y 18. století
|2 czenas
|
| 650 |
0 |
9 |
|a Czech manuscripts
|y 18th century
|2 eczenas
|
| 650 |
0 |
9 |
|a illuminated books and manuscripts
|z Czechia
|y 18th century
|2 eczenas
|
| 650 |
0 |
9 |
|a baroque manuscripts
|z Czechia
|2 eczenas
|
| 650 |
0 |
9 |
|a hymn books
|z Czechia
|y 18th century
|2 eczenas
|
| 650 |
0 |
9 |
|a books and reading
|z Czechia
|y 18th century
|2 eczenas
|
| 651 |
|
7 |
|a Nová Lhota (Hodonín, Česko)
|7 ge318516
|x náboženské a kulturní poměry
|y 18. století
|2 czenas
|
| 651 |
|
9 |
|a Nová Lhota (Hodonín, Czechia)
|x religious and cultural conditions
|y 18th century
|2 eczenas
|
| 655 |
|
7 |
|a monografie
|7 fd132842
|2 czenas
|
| 655 |
|
7 |
|a kancionály
|7 fd132518
|2 czenas
|
| 655 |
|
7 |
|a rejstříky
|7 fd133245
|2 czenas
|
| 655 |
|
9 |
|a monographs
|2 eczenas
|
| 655 |
|
9 |
|a hymnbooks
|2 eczenas
|
| 655 |
|
9 |
|a indexes
|2 eczenas
|
| 700 |
1 |
|
|a Smyčková, Kateřina,
|d 1987-
|7 av2015878040
|4 edt
|
| 856 |
4 |
1 |
|u http://www.digitalniknihovna.cz/mzk/uuid/uuid:577e00e0-c5a6-11ea-b7a2-005056827e51
|y Digitalizovaný dokument
|x NDK
|
| 910 |
2 |
|
|a BOA001
|b 2-1402.636
|
| 928 |
9 |
|
|a Moravská zemská knihovna v Brně
|
| 990 |
|
|
|a BK
|
| 995 |
|
|
|a 01
|
| 991 |
|
|
|b 201802
|c NOV
|
| 996 |
6 |
|
|b 2610732190
|c 2-1402.636
|l MZK
|r Sklad / do 1 hodiny
|n 1
|p p.v.
|w 001649347
|u 000010
|a 1
|e BOA001
|j MZK50
|s P
|
| 996 |
7 |
|
|b 2610732191
|c 2-1402.636
|l MZK
|r Sklad / do 1 hodiny
|n 4
|p p.v.
|w 001649347
|u 000020
|a 1
|e BOA001
|j MZK50
|s A
|